SHAPING YOUR CAREER EXPERT SOLUTIONS TO (Record no. 22390)
[ view plain ]
| 000 -LEADER | |
|---|---|
| fixed length control field | 00373nam a2200133Ia 4500 |
| 008 - FIXED-LENGTH DATA ELEMENTS--GENERAL INFORMATION | |
| fixed length control field | 240624s9999 xx 000 0 und d |
| 041 ## - LANGUAGE CODE | |
| Language code of text/sound track or separate title | eng |
| 082 ## - DEWEY DECIMAL CLASSIFICATION NUMBER | |
| Classification number | 658 HBP |
| 100 ## - MAIN ENTRY--PERSONAL NAME | |
| Personal name | HARVARD BUSINESS PRESS |
| 245 ## - TITLE STATEMENT | |
| Title | SHAPING YOUR CAREER EXPERT SOLUTIONS TO |
| 260 ## - PUBLICATION, DISTRIBUTION, ETC. | |
| Date of publication, distribution, etc. | 2008 |
| Place of publication, distribution, etc. | New Delhi |
| Name of publisher, distributor, etc. | Harvard Business School Press |
| 300 ## - PHYSICAL DESCRIPTION | |
| Extent | x, : 88 : p. : cm. ; 17 |
| 365 ## - TRADE PRICE | |
| Currency code | RS |
| Price amount | 25 |
| Withdrawn status | Lost status | Damaged status | Not for loan | Home library | Current library | Shelving location | Date acquired | Source of acquisition | Cost, normal purchase price | Total Checkouts | Full call number | Barcode | Date last seen | Date last checked out | Copy number | Price effective from | Koha item type |
|---|---|---|---|---|---|---|---|---|---|---|---|---|---|---|---|---|---|
| IMTN | IMTN | Rack 22-B | 03/10/2014 | AP | 195.00 | 6 | 658 HBP | 22390 | 10/14/2025 | 10/06/2025 | 1 | 06/24/2024 | Books |